000
00208nam a2200097Ia 4500
005
20251222114340.0
008
251222s1900||||xx |||||||||||||| ||spa||
082
_a
DVD0090/E11/1988
245
0
_a
Bird:
942
_c
DVD
999
_c
834
_d
834